|
|
|
|
| LEADER |
00000nab a2200000 a 4500 |
| 001 |
vtls001495961 |
| 003 |
SK-MaSNL |
| 005 |
20260318132857.0 |
| 008 |
141112c2003 xo 0 eng |
| 015 |
|
|
|a SNBCL2005/2
|
| 040 |
|
|
|a SLKCL
|b slo
|c SNKBUCL
|e AACR2
|
| 041 |
|
|
|a eng
|
| 044 |
|
|
|a xo
|c SK
|
| 080 |
|
|
|a 616.36-002
|2 1981
|
| 100 |
1 |
|
|a Dóczeová, A.
|u DOR hospital Mapuordit, South Sudan
|4 aut
|9 866559
|
| 245 |
1 |
0 |
|a Demographic and social aspects of hepatobiliary viral infections
|c A. Dóczeová
|
| 504 |
|
|
|a Bibliogr. odkazy
|
| 650 |
0 |
7 |
|a hepatitída
|x diagnostika
|2 MESH
|9 1227854
|
| 650 |
0 |
7 |
|a hygiena
|2 MESH
|9 16835
|
| 650 |
0 |
7 |
|a sociológia lekárska
|x štatistika a číselné údaje
|2 MESH
|9 1074846
|
| 650 |
0 |
7 |
|a ekonomika lekárska
|2 MESH
|9 1227855
|
| 650 |
0 |
7 |
|a epidemiológia
|2 MESH
|9 836
|
| 650 |
0 |
7 |
|a ductus choledochus, choroby
|x diagnostika
|2 MESH
|9 1227856
|
| 773 |
0 |
|
|t Journal of health management and public health
|g Vol. 7, no. 4-5 (2003), p. 33-35
|x 1335-1885
|
| 850 |
|
|
|a Slovenská lekárska knižnica v Bratislave
|a BA006
|
| 852 |
|
|
|a BA006
|b KIS3GCP
|b 000500000
|
| 999 |
|
|
|c 2160739
|d 2162669
|